000 00898cam a22003014a 4500
003 MX-MxUPN
005 20241010161600.0
008 090204s2004 sp a jr 000 f spa d
020 _a8426348564
035 _aUPN01000168745
040 _aMX-MxUPN
_bspa
_cMX-MxUPN
041 _aspa
050 0 4 _aPQ6713 O97
_bM35 2004
100 1 _aMoure, Gonzalo,
_d1951-
_933037
245 1 0 _aMaíto Panduro
250 _a2a edición
260 _aZaragoza, España :
_bEdelvives,
_c2004.
300 _a121 páginas :
_bilustraciones
490 0 _aAla delta. Verde ;
_v4
650 4 _aNovela española
_910814
650 7 _949994
_aRelación padres-hijos
_vLiteratura infantil
650 4 _954022
_aGitanos
700 1 _954021
_aMartín Godoy, Fernando,
_d1975-
_eilustración
902 _bMaríaRobles/101024
905 _aLibro
942 _2lcc
_cLIBRO
_n0
999 _c140851
_d140851